Banking sector efficiency in globalised economy

Bibliographic Details
Main Author: Kumar, Parmod
Format: Book
Published: New Dehli : Deep & Deep Publications Pvt.Ltd , 2006
Subjects:

MARC

LEADER 00000cam a2200000 7i4500
001 0000032070
005 20120510.0
008 120510
020 |a 817629828X 
090 0 0 |a 332.1   |b KUR 
100 1 |a Kumar, Parmod 
245 1 0 |a Banking sector efficiency in globalised economy   |c Parmod Kumar 
260 |a New Dehli :   |b Deep & Deep Publications Pvt.Ltd ,   |c 2006 
650 0 |a Bank and bangking 
999 |a 0001024361   |b Book   |c Adult Collection   |e Perbadanan Perpustakaan Awam Johor 
999 |a 0001024397   |b Book   |c Adult Collection   |e Cawangan Pontian